| 000 | 00776cam a2200193 4500 | ||
|---|---|---|---|
| 005 | 20250331185241.0 | ||
| 008 | 091214e200900 sp a 000 0 spa | ||
| 020 | _a978-84-96699-40-3 | ||
| 040 |
_aCO-CtgCURN _bspa _ccoctgcurn |
||
| 082 | 0 | 4 |
_a646.75 _bC824 |
| 100 | 1 |
_aCorrecher, Pilar M. _0XX4891082. |
|
| 245 | 1 | 0 |
_aMasaje estético manual y mecánico _h[Texto impreso] / _cPilar M. Correcher ; Paloma López ... [et al.] ; coordinación a cargo de Paloma López. |
| 260 |
_a[Madrid] : _bVideocinco, _cD.L. 2009. |
||
| 300 |
_a311 páginas : _bilustraciones en color, gráficas ; _c28 cm. |
||
| 650 | 7 |
_aMasaje. _2embne |
|
| 700 | 1 | _aLópez Mardomingo, Paloma. | |
| 942 |
_2ddc _aMHC _cBK _h646.75 _iC824 |
||
| 999 |
_c24119 _d24119 |
||